ARRUPE JESUIT UNIVERSITY

CORONAVIRUS -STOP THE SPREAD - CLEAN,DISINFECT,COVER

Africa - what lies ahead (Record no. 122563)

MARC details
000 -LEADER
fixed length control field 00425nam a22001337a 4500
008 - FIXED-LENGTH DATA ELEMENTS--GENERAL INFORMATION
fixed length control field 150331b xxu||||| |||| 00| 0 eng d
050 ## - LIBRARY OF CONGRESS CALL NUMBER
Classification number SPC DT3227.C542
100 ## - MAIN ENTRY--PERSONAL NAME
Personal name Chisiza, Danduzu.K.
9 (RLIN) 16818
245 ## - TITLE STATEMENT
Title Africa - what lies ahead
Statement of responsibility, etc / by Dunduzu K. Chisiza
260 ## - PUBLICATION, DISTRIBUTION, ETC. (IMPRINT)
Place of publication, distribution, etc New Delhi
Name of publisher, distributor, etc India Council for Africa
Date of publication, distribution, etc 1961
300 ## - PHYSICAL DESCRIPTION
Extent 64p. ;
Dimensions 22cm.
650 ## - SUBJECT ADDED ENTRY--TOPICAL TERM
Topical term or geographic name as entry element Malawi
General subdivision Politics
Chronological subdivision 1953-1964
9 (RLIN) 16819
942 ## - ADDED ENTRY ELEMENTS (KOHA)
Source of classification or shelving scheme Library of Congress Classification
Item type Monograph ( Printed materials)
Holdings
Withdrawn status Lost status Source of classification or shelving scheme Damaged status Not for loan Collection code Home library Current library Shelving location Date acquired Total Checkouts Full call number Barcode Date last seen Price effective from Koha item type
    Library of Congress Classification     Main Collection ARRUPE LIBRARY ARRUPE LIBRARY Main Collection 31/03/2015   SPC DT3227.C542 46500002568 31/03/2015 31/03/2015 SPC

 

Arrupe Library. PO Box MP320 Mt Pleasant, Harare, Zimbabwe
263 242 745411|librarian@aju.ac.zw